| 000 | 00557nam a2200205 i 4500 | ||
|---|---|---|---|
| 001 | 146722 | ||
| 003 | ES-MaACL | ||
| 005 | 20230906201640.0 | ||
| 007 | t| | ||
| 008 | 070917s1972 sp ||||1| spa d | ||
| 080 | _a336.74 | ||
| 100 | 1 |
_aTrinchet, Henri. _9111446 |
|
| 245 | 1 | 3 |
_aEl dinero / _cHenri Trinchet ; [Leoncio Sureda Guytó, traducción]. |
| 250 | _a[1ª ed.]. | ||
| 260 |
_aBarcelona : _bSureda, _c[1972] |
||
| 300 |
_a220 p. ; _c18 cm. |
||
| 650 | 1 | 4 |
_aMoneda. _915153 |
| 700 | 1 |
_aSureda, Leoncio. _9108817 |
|
| 852 |
_aES-MaACL _jC-44382 |
||
| 999 |
_c146722 _d146722 |
||